000 00904nam a22003017a 4500
001 BR2017000669
003 BR-BrBNA
005 20230928105047.0
007 ta
008 230509b bl.||||| |||| 00| 0 por d
040 _aBR-BrBNA
_bpor
_cBiblioteca Nacional de Agricultura
041 _a(Por)
072 _aF30
_b2120
090 _ 2120 BR2017000669
100 1 _aRezende, T.T.
110 1 _aUniversidade Federal de Lavras, MG (Brasil)
245 1 _aClonagem de Coffea arabica L. por enraizamento de segmentos de ramos ortotrópicos
260 3 _aLavras, MG (Brasil):
_c2016.
300 _a102 p.
500 _aIncludes several bibliographies; Summaries (Eng, Por); 6 illus.; 9 tables
650 _aPROPAGAÇÃO VEGETATIVA
650 _aFITOTECNICA
650 _aCOFFEA ARABICA
650 _aCAFEICULTURA
650 _aCAFÉ
909 _a202309
_bLucia
_c55
_dLucia Elande
942 _cBK
999 _c83195
_d83195